La ergonomía y el ordenador (Registro nro. 13449)

Detalles MARC
000 -Cabecera
Campo de control interno 00436nam a2200181Ia 4500
005 - Fecha y hora del registro
control field 20260306164802.0
008 - Elementos de Longitud Fija
fixed length control field 260306t1990||||xx |||||||||||||| ||spa||
041 ## - Idioma
Codigo Idioma ESP
082 ## - DEWEY y NOTACIÓN INTERNA
Dewey S 004.19
Notación Interna G67
100 ## - AUTOR
Autor denominación González Gallego, Santiago
Término de relación autor
245 #0 - TÍTULO DE MATERIAL BIBLIOGRÁFICO
Título La ergonomía y el ordenador
260 ## - CIUDAD, EDITORIAL, AÑO
Año 1990
300 ## - DESCRIPCIÓN
N° Páginas 143 páginas :
Dimensiones 24 cm.
650 ## - TEMAS
Temas Generalidades
654 ## - PROGRAMAS
Programa
942 ## - ELEMENTOS DE KOHA
Tipo de documento Libro
Nombre del creador Justo Noguera
Código de catalogador Justo Noguera
Esquema de clasificación Dewey Decimal Classification
Suppress in OPAC
Existencias
Codigo completo Registro Colección Copia número Disponibilidad Tipo de préstamo Biblioteca Actual Procedencia (Biblioteca) Ubicacón Fecha Ingreso Tipo de Adquisición Date last seen Total checkouts Price effective from Tipo de Item Estado del Material Fuente de Clasificación Damaged status Withdrawn status
S 004.19 G67 U0005681 Universidad Católica San Pablo 1 Disponible Disponible Víctor Andrés Belaunde Víctor Andrés Belaunde Segundo piso 03/06/2026 Compra 06/03/2026   06/03/2026 Libro Bueno Dewey Decimal Classification